|
|
|
|
| LEADER |
00000nab a2200000 a 4500 |
| 001 |
vtls000110330 |
| 003 |
SK-MaSNL |
| 005 |
20260305000938.0 |
| 008 |
240424c1982 xo 0 slo |
| 015 |
|
|
|a SNBRB19rr/mm-uuuuu
|
| 035 |
|
|
|a CL0120433
|
| 040 |
|
|
|a SNKBUCL
|b slo
|c SNKBUCL
|e AACR2
|
| 041 |
0 |
|
|a slo
|
| 044 |
|
|
|a xo
|c SK
|
| 080 |
|
|
|a 885.4-1
|2 1981
|
| 100 |
1 |
|
|a Feldek, Ľubomír,
|d 1936-
|4 aut
|9 89477
|
| 245 |
1 |
0 |
|a Panna
|c Ľubomír Feldek
|
| 500 |
|
|
|a Pod spoločným názvom Verše pre radosť.
|
| 655 |
|
7 |
|a slovenská poézia
|2 snkbucl
|9 70444
|
| 655 |
|
7 |
|a lyrická poézia
|2 snkbucl
|9 70613
|
| 655 |
|
7 |
|a články z novín a časopisov
|2 snkbucl
|9 267496
|
| 655 |
|
7 |
|a články z odboru literárna veda a krásna literatúra
|2 snkbucl
|9 770045
|
| 773 |
0 |
|
|t Nová cesta
|g Roč. 4, č. 2 (1982), s. 16
|
| 850 |
|
|
|a Slovenská národná knižnica
|
| 852 |
|
|
|a Slovenská národná knižnica
|
| 958 |
|
|
|a RK
|
| 958 |
|
|
|a LX
|
| 992 |
|
|
|a RBX
|
| 999 |
|
|
|c 3216331
|d 3218261
|